Score 0/20 Timer 03:00
0 Plays Today
Movie Fruit % Correct
James and the Giant ______Peach
97.5%
The ______ of WrathGrapes
95.8%
Fried Green ______Tomatoes
95.1%
The Adventures of ______ FinnHuckleberry
88.7%
50 First ______Dates
86.4%
______ CountyOrange
76.7%
______ ExpressPineapple
73.8%
______ JoeBanana
63.3%
Adam's ______Apples
61.9%
My Darling ______Clementine
57.6%
Movie Fruit % Correct
Vodka ______Lemon
43%
About ______Cherry
39.4%
My ______ NightsBlueberry
39.3%
Wild ______Strawberries
39.2%
______ ManWatermelon
34.6%
American ______Raspberry
32.8%
Don's ______Plum
28.2%
______ KissMango
21.2%
The Scent of Green ______Papaya
12.5%
Goin'______Coconuts
9.6%

Today's Daily Dose

Word Ladder
Silence

Get the Picture
Philly Team Facts

You're not logged in!

Compare scores with friends on all Sporcle quizzes.
OR
Log In

Sporcle TV

Today on Sporcle TV


Watch our educational content, quiz creation guides, and fun videos on Sporcle TV.

Show Comments

Extras

Top Quizzes Today


Score Distribution

Your Account Isn't Verified!

In order to create a playlist on Sporcle, you need to verify the email address you used during registration. Go to your Sporcle Settings to finish the process.

Report this User

Report this user for behavior that violates our Community Guidelines.

Details: